General chemistry (Record no. 75826)

MARC details
000 -LEADER
fixed length control field 00778nam a2200181 a 4500
008 - FIXED-LENGTH DATA ELEMENTS--GENERAL INFORMATION
fixed length control field 120416s1989 ||||||||||||||||| || u
020 ## - INTERNATIONAL STANDARD BOOK NUMBER
International Standard Book Number 0716719401
050 ## - LIBRARY OF CONGRESS CALL NUMBER
Classification number QD 31.2 Atk
100 ## - MAIN ENTRY--PERSONAL NAME
Personal name Atkins, P. W. (Peter William), 1940-
245 10 - TITLE STATEMENT
Title General chemistry
260 ## - PUBLICATION, DISTRIBUTION, ETC.
Place of publication, distribution, etc. New York:
Name of publisher, distributor, etc. Scientific American Books Distributed by W.H.Freeman and Co
Date of publication, distribution, etc. 1989
300 ## - PHYSICAL DESCRIPTION
Extent xxiv, 989p. : ill.
350 ## -
-- 0.00
500 ## - GENERAL NOTE
General note Includes index.
650 #0 - SUBJECT ADDED ENTRY--TOPICAL TERM
Topical term or geographic name entry element CHEMISTRY--HANDBOOKS, MANUALS, ETC
995 ## -
-- SHORT LOAN BOOKS
-- 0.00
-- 727800
-- CBU-MAIN LIBRARY (Kitwe)
-- 2
-- 21.95
-- QD 31.2 Atk
-- 1
-- AVAILABLE
-- Apr 20, 2007
-- 026398
-- Short Loan Collection
995 ## -
-- SHORT LOAN BOOKS
-- 0.00
-- 727799
-- CBU-MAIN LIBRARY (Kitwe)
-- 1
-- 21.95
-- QD 31.2 Atk
-- 2
-- AVAILABLE
-- 026399
-- Short Loan Collection
999 ## -
-- 75826
-- 75826
Holdings
Withdrawn status Lost status Source of classification or shelving scheme Damaged status Not for loan Permanent Location Current Location Shelving location Date acquired Total Checkouts Full call number Barcode Date last seen Copy number Price effective from Koha item type
          CBU-MAIN LIBRARY, KITWE. CBU-MAIN LIBRARY, KITWE.   04/25/2023   QD 31.2 Atk 026398 04/25/2023 1 04/25/2023 SHORT LOAN COLLECTION
          CBU-MAIN LIBRARY, KITWE. CBU-MAIN LIBRARY, KITWE.   04/25/2023   QD 31.2 Atk 026399 04/25/2023 2 04/25/2023 SHORT LOAN COLLECTION